| 000 | 00535nam a2200241Ia 4500 | ||
|---|---|---|---|
| 003 | IT-RoPAU | ||
| 005 | 20220918175713.0 | ||
| 008 | 120407s9999 xx 000 0 und d | ||
| 040 | _aIT-RoPAU | ||
| 040 | _cIT-RoPAU | ||
| 041 | _aita | ||
| 100 |
_aBeltrao Calderan _935377 |
||
| 245 | _aSociologia della famiglia contemporanea | ||
| 250 | _aRoma | ||
| 260 | _aGregoriana | ||
| 260 | _c1968 | ||
| 300 | _a149 p. | ||
| 300 | _c24,5 cm | ||
| 490 | _v1 | ||
| 600 |
_a1. Famiglia _935378 |
||
| 942 |
_cBK _2ddc |
||
| 999 |
_c25974 _d25974 |
||